Historiakysymyksiä Suomesta - Statistics

Yleistilastot
  • Tätä visaa on pelattu 282 kertaa
  • Keskiarvotulos 8 / 20
Vastaustilastot
Minä vuonna yliopisto siirrettiin Turusta Helsinkiin? 1828 % Oikein
Koska alkoi ensimmäinen maailmansota? 1914
86%
Kuka oli Suomen kymmenes presidentti? Martti Ahtisaari
81%
Miksi kutsutaan vuosia 1867-1868, jolloin Suomessa kuoli paljon ihmisiä huonosta sadosta johtuneen elintarvikepulan vuoksi? nälkävuosiksi
66%
Miksi kutsutaan poliittista liikettä, jonka tavoitteena oli kommunismin ja marxismin lopullinen hävittäminen Suomesta (lakkautettiin 1932) lapuanliikkeeksi
63%
Kenen pääteos on Vänrikki Stoolin tarinat? Johan Ludvig Runebergin
62%
Mikä on yksityisomistukseen, kilpailuun ja markkinoihin perustuva talousjärjestelmä? kapitalismi
53%
Minä vuonna Suomi sai oman rahan, markan? 1860
46%
Kenen ansiosta suomen kielestä tuli maan virallinen kieli ja Suomi sai oman rahan? J.V.Snellmanin
44%
Minä vuonna kansakoulu tuli kaikille pakolliseksi, eli oppivelvollisuuslaki astui voimaan? 1921
42%
Kuka esitti eduskunnalle Suomen itsenäisyysjulistuksen? Svinhufvud
39%
Miksi kutsuttiin suomalaisten kansalliseen yhtenäisyyteen ja yksimielisyyteen perustunutta puolustustahtoa talvisodassa? talvisodan hengeksi
33%
Koska Paavo Nurmi syntyi? 1897
32%
Miksi kutsuttiin rauhansopimusta, jossa Suomesta tuli osa Venäjän valtakuntaa? Haminan rauhaksi
32%
Miksi kutsuttiin 1800-luvun suomalaisuusliikettä, joka halusi suomalaistaa maan kielen ja kulttuurin? Fennomaniaksi
29%
Jos Suomesta olisi tullut kuningaskunta, kuka olisi ollut sen ensimmäinen kuningas? Friedrich Karl
24%
Kenen kansallisen merkkihenkilön tunnetuin teos on nimeltään Maamme kirja? Zacharias Topeliuksen
24%
Kuka on maalannut "hyökkäys" -teoksen, jossa Suomi-neito pitää tiukasti kiinni lakikirjasta, ja jota Venäjän kotka yrittää riistää? Eetu Isto
17%
Miksi kutsutaan kahden toisiinsa vihamielisesti suhtautuvan valtion väliin jäävää aluetta? puskurivyöhykkeeksi
4%
Kuka perusti Päivälehden (Helsingin Sanomien edeltäjä)? Eero Erkko
3%
Mikä oli Jean Sibeliuksen Finlandia -sävellyksen nimi ennen kuin sitä alettiin kutsua Finlandiaksi? Suomi nousee
1%
Ehtoja vastaavia visoja ei löytynyt
Tulosjakauma
Jokaisen tuloksen saaneiden osuus
Persentiili vastausten määrän mukaan
Tuloshistoriasi
Et ole pelannut tätä visaa